LEADER 01278nam0-22002891--450- 001 990008306680403321 005 20080318150438.0 035 $a000830668 035 $aFED01000830668 035 $a(Aleph)000830668FED01 035 $a000830668 100 $a20060403d1926----km-y0itay50------ba 101 0 $aita 102 $aIT 105 $ay-------001yy 200 1 $aManuale del danneggiato di guerra$eraccolta completa delle disposizioni legislative concernenti il risarcimento dei danni di guerra e la ricostruzione delle regioni venete$econtiene anche una tabella dei coefficienti di aumento del valore degli immobili distrutti; un prospetto generale delle commissioni per l'accertamento e la liquidazione dei danni di guerra; un indice cronologico e un indice alfabetico-analitico delle disposizioni$fMinistero delle finanze, Servizio danni di guerra 210 $aRoma$cProvveditorato generale dello Stato$d1926 215 $a393 p.$d23 cm 676 $a355.02$v20$zita 710 01$aItalia :$bMinistero delle finanze :$bServizio danni di guerra$0356818 801 0$aIT$bUNINA$gRICA$2UNIMARC 901 $aBK 912 $a990008306680403321 952 $aXIV Z 50$bs.i.$fFGBC 959 $aFGBC 996 $aManuale del danneggiato di guerra$9745110 997 $aUNINA LEADER 02034nam 2200337 n 450 001 996396203503316 005 20221108102029.0 035 $a(CKB)4330000000354661 035 $a(EEBO)2248514042 035 $a(UnM)99844251 035 $a(EXLCZ)994330000000354661 100 $a19910820d1637 uy | 101 0 $aeng 135 $aurbn||||a|bb| 200 02$aA true and experimentall discourse, upon the beginning, proceeding, and victorious event of this last siege of Breda$b[electronic resource] $eWith the antiquity and annexing of it, to the house of Nassaw, and the many alterations it hath suffered by armes, and armies, within these threescore yeares. Together with the prudent plots, projects, and policies of warre: the assailants and defendants matchlesse man-hood, in managing martiall affaires: the misery and manner of souldiers living, their pinching want, and fatall accidents: strange weapons and instruments used by both parties in severall conflicts. Lastly, their concluded articles, with circumstances and ordering of the siege and victory. Being pleasant to peruse, and profitable to observe. Written by him who was an eye witnesse of the siege. William Lithgow 210 $aLondon $cPrinted by I. Okes for I. Rothwel, and are to be sold at his shop in Pauls Church-yard at the signe of the Sunne$d1637 215 $a[8], 55, [1] p 300 $aThe first leaf is blank. 300 $aRunning title reads: A true experimentall discourse upon the happy recovery of Breda. 300 $aReproduction of the original in the British Library. 330 $aeebo-0018 607 $aBreda (Netherlands)$xHistory$xSiege, 1624-1625$vEarly works to 1800 700 $aLithgow$b William$f1582-1645?$01001006 801 0$bCu-RivES 801 1$bCu-RivES 801 2$bCStRLIN 801 2$bWaOLN 906 $aBOOK 912 $a996396203503316 996 $aA true and experimentall discourse, upon the beginning, proceeding, and victorious event of this last siege of Breda$92373864 997 $aUNISA LEADER 04254oam 2200853zu 450 001 9911019946903321 005 20251214174148.0 010 $a9786610556250 010 $a9781280556258 010 $a1280556250 010 $a9780470347126 010 $a0470347120 010 $a9780471213758 010 $a0471213756 035 $a(CKB)1000000000018926 035 $a(SSID)ssj0000080474 035 $a(PQKBManifestationID)11110951 035 $a(PQKBTitleCode)TC0000080474 035 $a(PQKBWorkID)10095582 035 $a(PQKB)10442918 035 $a(MiAaPQ)EBC4957284 035 $a(Au-PeEL)EBL4957284 035 $a(CaONFJC)MIL55625 035 $a(CaSebORM)9780471183730 035 $a(OCoLC)85820055 035 $a(OCoLC)833404478 035 $a(OCoLC)ocn833404478 035 $a(EXLCZ)991000000000018926 100 $a20160829d1999 uy 101 0 $aeng 135 $aurunu||||| 181 $ctxt 182 $cc 183 $acr 200 10$aOptical filter design and analysis : a signal processing approach 205 $a1st edition 210 31$a[Place of publication not identified]$cJohn Wiley$d1999 215 $a1 online resource (1 v.) $cill 225 0 $aWiley series in microwave and optical engineering Optical filter design and analysis 300 $aBibliographic Level Mode of Issuance: Monograph 311 08$a9780471183730 311 08$a0471183733 320 $aIncludes bibliographical references and index. 327 $aIntroduction -- Fundamentals of electromagnetic waves and waveguides -- Digital filter concepts for optical filters -- Multi-stage MA architectures -- Multi-stage AR architectures -- Multi-stage ARMA filters -- Optical measurements and filter analysis -- Future directions. 330 $aA Unique, Cutting-Edge Approach to Optical Filter Design With more and more information being transmitted over fiber-optic lines, optical filtering has become crucial to the advanced functionality of today's communications networks. Helping researchers and engineers keep pace with this rapidly evolving technology, this book presents digital processing techniques for optical filter design. This higher-level approach focuses on filter characteristics and enables readers to quickly calculate the filter response as well as tackle larger and more complex filters. The authors incorporate numerous theoretical and experimental results from the literature and discuss applications to a variety of systems-including the new wavelength division multiplexing (WDM) technology, which is fast becoming the preferred method for system upgrade and expansion. Special features of this book include: The theory underlying various architectures that can approximate any filter function Filter design techniques applicable to a broad range of materials systems-from silica to fiber to microelectromechanical (MEM) systems Design examples relevant to filters for WDM systems and planar waveguide devices 250 figures as well as problem sets for use in graduate-level studies 410 0$aWiley Series in Microwave and Optical Engineering 606 $aOptical communications$xDigital techniques 606 $aOptical wave guides 606 $aDigital filters 606 $aMultiplexing 606 $aSignal processing 606 $aElectrical & Computer Engineering$2HILCC 606 $aMechanical Engineering$2HILCC 606 $aEngineering & Applied Sciences$2HILCC 606 $aTelecommunications$2HILCC 606 $aIndustrial & Management Engineering$2HILCC 615 0$aOptical communications$xDigital techniques. 615 0$aOptical wave guides. 615 0$aDigital filters 615 0$aMultiplexing. 615 0$aSignal processing. 615 7$aElectrical & Computer Engineering 615 7$aMechanical Engineering 615 7$aEngineering & Applied Sciences 615 7$aTelecommunications 615 7$aIndustrial & Management Engineering 676 $a621.382/7 700 $aMadsen$b Christi K.$01840510 702 $aZhao$b Jian H. 801 0$bPQKB 906 $aBOOK 912 $a9911019946903321 996 $aOptical filter design and analysis : a signal processing approach$94420074 997 $aUNINA